Every team relegated from the Premier League Quiz Stats

 Plays Quiz not verified by Sporcle

Challenge
Share
Tweet
Embed
Score 0/73 Timer 05:00
0 Plays Today
Year Teams % Correct
2008/09Newcastle United
96.4%
Newcastle United
96.4%
1996/97Sunderland
92.9%
Sunderland
92.9%
Sunderland
92.9%
2015/16Aston Villa
86.5%
Leeds United
85.7%
Blackburn Rovers
81.9%
Blackburn Rovers
81.9%
2002/03West Ham United
76.9%
West Ham United
76.9%
2013/14Norwich City
76.6%
Norwich City
76.6%
Norwich City
76.6%
1995/96Manchester City
74.6%
2000/01Manchester City
74.6%
1993/94Sheffield United
74.1%
2006/07Sheffield United
74.1%
Norwich
73.7%
Sheffield Wednesday
73.1%
2005/06Birmingham
71.7%
2010/11Birmingham City
71.7%
Birmingham City
71.7%
Portsmouth
71.1%
2014/15Hull City
70.6%
Hull City
70.6%
2009/10Burnley
70%
Burnley
70%
West Bromwich Albion
69.9%
West Bromwich Albion
69.9%
West Bromwich Albion
69.9%
Southampton
68.7%
Cardiff City
64.6%
Middlesbrough
64.3%
Middlesbrough
64.3%
Middlesbrough
64.3%
Fulham
63.8%
Year Teams % Correct
1997/98Bolton Wanderers
61.7%
2011/12Bolton Wanderers
61.7%
Bolton Wanderers
61.7%
Derby County
61.4%
Derby County
61.4%
1992/93Crystal Palace
59.6%
1994/95Crystal Palace
59.6%
2004/05Crystal Palace
59.6%
Crystal Palace
59.6%
2003/04Leicester City
59.6%
Leicester City
59.6%
Leicester City
59.6%
Nottingham Forest
58.5%
Nottingham Forest
58.5%
Nottingham Forest
58.5%
2012/13Wigan Athletic
58.3%
2001/02Ipswich Town
57.6%
Ipswich Town
57.6%
Queens Park Rangers
57.4%
Queens Park Rangers
57.4%
Queens Park Rangers
57.4%
1998/99Charlton Athletic
53.8%
Charlton Athletic
53.8%
Wolverhampton Wanderers
52.9%
Wolverhampton Wanderers
52.9%
Coventry City
51.4%
2007/08Reading
51.3%
Reading
51.3%
Watford
49.8%
Watford
49.8%
Bradford City
48.1%
1999/00Wimbledon
46.5%
Blackpool
46.1%
Oldham Athletic
41.6%
Swindon Town
41.4%
Barnsley
40.2%

You're not logged in!

Compare scores with friends on all Sporcle quizzes.
Join for Free
OR
Log In

You Might Also Like...

Show Comments

Extras

Top Quizzes Today


Score Distribution

Your Account Isn't Verified!

In order to create a playlist on Sporcle, you need to verify the email address you used during registration. Go to your Sporcle Settings to finish the process.

Report this User

Report this user for behavior that violates our Community Guidelines.

Details: